01776njm a2200265Ia 4500001000600000003000900006005001700015008004100032040001300073040001300086041001300099100001800112100001800130100003800148245002100186250001100207260001100218260007000229300002200299300002200321500014000343505089000483650006201373700007501435G8707IT-RoPAU20220918181140.0131025s9999 xx 000 0 und d aIT-RoPAU cIT-RoPAU aITALIANO aFrisina Marco eAutore musica gCodice autore musica SPICS: 38406 aJoy To the World a1a ed. aMILANO bMULTIMEDIA SAN PAOLOc2001 [1a Ed.:2001 - Ed. Lingua Orig.: 2001] aSPARTITO MUSICALE c (Testo: 80 pag.) aTesti e spartiti musicali di 13 brani religiosi a cura di Marco Frisina. Ascoltare omonimi cassetta (Codice G8705) e cd (Codice G8706). aPuer Natus (gregoriano, solo testo) - Joy To the World (tradizionale, attribuito a G.F. Haendel, elab. partitura musicale di M. Frisina) - Magnificat (testo liturgico, musica di M. Frisina) - What Child Is This (tradizionale melodia inglese XVII secolo, elab. M. Frisina) - Nada te turbe (testo ispirato a S. Teresa d'Avila, musica M. Frisina) - Gloria in cielo (testo XIV secolo, elab. M. Frisina) - Minuit Chretien (testo e musica di A.C. Adam, elab. M. Frisina) - Have Yourself A Mery Little Christmas (testo e musica di H. Martin e R. Blane, elab. M. Frisina) - Wachet Auf (testo biblico, musica J.S. Bach, elab. M. Frisina) - El cant dels ocells (testo e melodia catalana, elab. M. Frisina) - White Christmas (testo e musica di I. Berlin, elab. M. Frisina) - O santissima (melodia siciliana, elab. M. Frisina) - Ave Maris Stella (testo liturgico, musica strumentale M. Frisina).  aRELIGIOSO [SPARTITI MUSICALI]eCodice MATERIA SPICS: 9953 aAA.VV.eAutore testo e musicagCodice autore testo/musica SPICS: 12000